Normale Ansicht MARC-Ansicht ISBD

Gorzow Wielkopolski w 60-leciu 1945 - 2005 : (Titelsatznr. 371657)

[ MARC ]
MARC-Details
000 -Satzkennung
Kontrollfeld mit fester Länge 00559nam a2200157 4500
008 - Feld mit fester Länge zur physischen Beschreibung - Allgemeine Angaben
Kontrollfeld mit fester Länge 220531b ||||| |||| 00| 0 eng d
020 ## - Internationale Standardbuchnummer
Internationale Standardbuchnummer 83-88514-07-5
040 ## - Katalogisierungsquelle
Original-Katalogisierungsstelle DE2950
Übertragungsstelle DE2950
041 ## - Sprachcode
Sprachcode des Textes/der Tonspur oder des separaten Titels pol
245 ## - Titel
Titel Gorzow Wielkopolski w 60-leciu 1945 - 2005 :
Zusatz zum Titel Materilay z konferencji naukowej, Gorzow Wielkopolski 3 czerwca 2005 roku /
Verfasserangabe etc. Redakcja Dariusz Aleksander Rymar ; Juliusz Sikorski
260 ## - Publikation, Vertrieb usw. (Erscheinungsvermerk)
Erscheinungsort, Vertriebsort etc. Gorzow Wielkopolski
Date of publication, distribution, etc 2005
300 ## - Physische Beschreibung
Umfang 291 S.:
Andere physische Details Abb.
653 ## - Indexierungsterm - Nicht normiert
Nicht-normierter Term Gorzow Wielkopolski <Polen>
653 ## - Indexierungsterm - Nicht normiert
Nicht-normierter Term Geschichte 1945 - 2005
942 ## - Zusätzliche Felder (Koha)
Klassifikation oder Aufstellungssystematik Andere/Generische Klassifikation
Koha-Medientyp Bücher
Exemplare
Ausgeschieden Verloren Klassifikation oder Aufstellungssystematik Beschädigt Nicht entleihbar Permanenter Standort Aktueller Standort Aufstellungsort Erwerbungsdatum Kodierter Standort-Qualifier Anzahl Ausleihen Signatur Letzte Aktivität Exemplarnummer Preis gültig von Medientyp
    Andere/Generische Klassifikation     Stadtarchiv Frankfurt (Oder) | Archivbibliothek Stadtarchiv Frankfurt (Oder) | Archivbibliothek Magazin 31/05/2022 M   II:5033 31/05/2022 114/2021 31/05/2022 Bücher